A Geometry of Approximation Rough Set Theory: Logic, Algebra and Topology of Conceptual Patterns /

में बचाया:
ग्रंथसूची विवरण
मुख्य लेखक: Pagliani, Piero
निगमित लेखक: SpringerLink (Online service)
अन्य लेखक: Chakraborty, Mihir
स्वरूप: इलेक्ट्रोनिक ई-पुस्तक
भाषा:अंग्रेज़ी
प्रकाशित: Dordrecht : Springer Netherlands, 2008.
श्रृंखला:Trends in Logic, Studia Logica Library ; 27
विषय:
ऑनलाइन पहुंच:http://dx.doi.org/10.1007/978-1-4020-8622-9
टैग: टैग जोड़ें
कोई टैग नहीं, इस रिकॉर्ड को टैग करने वाले पहले व्यक्ति बनें!

MARC

LEADER 00000nam a22000005i 4500
001 0000051620
005 20171002052656.0
007 cr nn 008mamaa
008 100301s2008 ne | s |||| 0|eng d
020 |a 9781402086229  |9 978-1-4020-8622-9 
024 7 |a 10.1007/978-1-4020-8622-9  |2 doi 
035 |a 0000001706 
035 |a (DE-He213)978-1-4020-8622-9 
050 4 |a BC1-199 
072 7 |a HPL  |2 bicssc 
072 7 |a PHI011000  |2 bisacsh 
082 0 4 |a 160  |2 23 
100 1 |a Pagliani, Piero. 
245 1 2 |a A Geometry of Approximation  |h [electronic resource] :  |b Rough Set Theory: Logic, Algebra and Topology of Conceptual Patterns /  |c edited by Piero Pagliani, Mihir Chakraborty. 
260 |a Dordrecht :  |b Springer Netherlands,  |c 2008. 
300 |b digital. 
490 0 |a Trends in Logic, Studia Logica Library ;  |v 27 
650 0 |a Philosophy (General). 
650 0 |a Genetic epistemology. 
650 0 |a Logic. 
650 0 |a Computational complexity. 
650 0 |a Data mining. 
650 0 |a Algebra. 
650 0 |a Logic, Symbolic and mathematical. 
650 1 4 |a Philosophy. 
650 2 4 |a Logic. 
650 2 4 |a Order, Lattices, Ordered Algebraic Structures. 
650 2 4 |a Data Mining and Knowledge Discovery. 
650 2 4 |a Mathematical Logic and Foundations. 
650 2 4 |a Discrete Mathematics in Computer Science. 
650 2 4 |a Epistemology. 
700 1 |a Chakraborty, Mihir. 
710 2 |a SpringerLink (Online service) 
773 0 |t Springer eBooks 
776 0 8 |i Printed edition:  |z 9781402086212 
830 0 |a Trends in Logic, Studia Logica Library ;  |v 27 
856 4 0 |u http://dx.doi.org/10.1007/978-1-4020-8622-9 
908 |a 121203 
912 |a ZDB-2-SHU 
942 0 0 |c EB 
950 |a Humanities, Social Sciences and Law (Springer-11648) 
999 |c 44985  |d 44985